Market report (Record no. 114472)

MARC details
000 -LEADER
fixed length control field 00882cad a22002055a 4500
001 - CONTROL NUMBER
control field L156886
008 - FIXED-LENGTH DATA ELEMENTS--GENERAL INFORMATION
fixed length control field 120727s2012 xxk f 000 0 eng d
035 ## - SYSTEM CONTROL NUMBER
System control number (Sirsi) u156886
041 0# - LANGUAGE CODE
Language code of text/sound track or separate title eng
110 2# - MAIN ENTRY--CORPORATE NAME
Corporate name or jurisdiction name as entry element Savills
9 (RLIN) 2020
245 00 - TITLE STATEMENT
Title Market report
Remainder of title Germany residential portfolio market
Medium [electronic resource]
260 ## - PUBLICATION, DISTRIBUTION, ETC.
Place of publication, distribution, etc. Berlin
Name of publisher, distributor, etc. Savills
Date of publication, distribution, etc. 2012
490 #0 - SERIES STATEMENT
Series statement Savills Research Germany Market Report Germany Residential Portfolio Market
-- 1 H 2012
520 ## - SUMMARY, ETC.
Summary, etc. Looks at residential investment trends in Germany. Notes a 75% increase in transactions compared with the same period in 2011 with Berlin the top location for residential investment.
590 ## - LOCAL NOTE (RLIN)
Local note KA
651 #4 - SUBJECT ADDED ENTRY--GEOGRAPHIC NAME
Geographic name Germany
690 ## - LOCAL SUBJECT ADDED ENTRY--TOPICAL TERM (OCLC, RLIN)
Topical term or geographic name as entry element Residential property
9 (RLIN) 6266
856 40 - ELECTRONIC LOCATION AND ACCESS
Uniform Resource Identifier <a href="https://www.savills.co.uk/research/european-research.aspx">https://www.savills.co.uk/research/european-research.aspx</a>
Public note View the report after free registration at www.savills.co.uk
942 ## - ADDED ENTRY ELEMENTS (KOHA)
Suppress in OPAC 0
Holdings
Withdrawn status Lost status Source of classification or shelving scheme Damaged status Not for loan Home library Current library Shelving location Date acquired Total Checkouts Full call number Barcode Date last seen Copy number Price effective from Koha item type
    Dewey Decimal Classification     Virtual Virtual Online 30/07/2012   ONLIN PUBLICATION 156886-2001 06/08/2019 1 06/08/2019 Book